Bienvenido a nuestro catálago, Biblioteca Universidad Monteávila

Influencia (Registro nro. 13276)

Detalles MARC
000 -CABECERA
campo de control de longitud fija 01545nam a2200253 4500
003 - IDENTIFICADOR DEL NÚMERO DE CONTROL
campo de control vecauma
005 - FECHA Y HORA DE LA ÚLTIMA TRANSACCIÓN
campo de control 20260317200158.0
007 - CAMPO FIJO DE DESCRIPCIÓN FÍSICA--INFORMACIÓN GENERAL
campo de control de longitud fija ta
008 - DATOS DE LONGITUD FIJA--INFORMACIÓN GENERAL
campo de control de longitud fija 260317b ve ||||| |||| 00| 0 spa d
020 ## - ISBN
Número Internacional Estándar del Libro 8487736009
040 ## - FUENTE DE LA CATALOGACIÓN
Centro catalogador/agencia de origen vecauma
Lengua de catalogación spa
Centro/agencia transcriptor vecauma
Centro/agencia modificador vecauma
Normas de descripción rda
041 ## - CÓDIGO DE LENGUA
Código de lengua del recurso spa
100 1# - AUTOR PERSONAL
Término indicativo de función/relación autor
245 1# - MENCIÓN DE TÍTULO
Título Influencia
Resto del título Ciencia y práctica
Mención de responsabilidad, etc. /Robert B. Cialdini
264 ## - PRODUCCIÓN, PUBLICACIÓN, DISTRIBUCIÓN, FABRICACIÓN Y COPYRIGHT
Producción, publicación, distribución, fabricación y copyright España:
Nombre del de productor, editor, distribuidor, fabricante Obtenga el si;
Fecha de producción, publicación, distribución, fabricación o copyright 1990.
300 ## - DESCRIPCIÓN FÍSICA
Extensión 335 páginas.
336 ## - TIPO DE CONTENIDO
Término de tipo de contenido texto
Código de tipo de contenido txt
Fuente rdacontenido
337 ## - TIPO DE MEDIO
Nombre/término del tipo de medio no mediado
Código del tipo de medio n
Fuente rdamedio
338 ## - TIPO DE SOPORTE
Nombre/término del tipo de soporte volumen
Código del tipo de soporte nc
Fuente rdasoporte
505 0# - NOTA DE CONTENIDO CON FORMATO
Nota de contenido con formato Armas de influencia /<br/>Reciprocidad /<br/>Compromiso y coherencia /<br/>Sanción social /<br/>Simpatía /<br/>Autoridad /<br/>Escasez /<br/>Influencia instantánea /
520 3# - SUMARIO, ETC.
Sumario, etc. Tratar de INFLUIR y evitar que los demás influyan en nosotros son las dos caras de un juego que practicamos constantemente; unas veces como DEFENSA, para eludir ciertas influencias que no deseamos recibir, y otras en ATAQUE, para influir sobre otras personas y conseguir que piensen o actúen como a nosotros nos interesa. Robert B. Cialdini, apoyándose en trabajos propios de Investigación realizados durante más de tres años, así como en Infinidad de experimentos de otros investigadores, ofrece en esta obra un completo manual del comportamiento humano en las numerosas situaciones en que interviene la influencia, dedicando especial atención a las tácticas que utilizan los profesionales de la sumisión.
942 #1 - ELEMENTOS DE ENTRADA AGREGADA (KOHA)
Fuente del sistema de clasificación o colocación Library of Congress Classification
Ocultar en OPAC No
Tipo de ítem Koha Libros
Existencias
Estado de retiro Estado de pérdida Fuente del sistema de clasificación o colocación Estado dañado No para préstamo Código de colección Localización permanente Ubicación/localización actual Ubicación en estantería Fecha de adquisición Número de inventario Total de préstamos Código de barras Fecha visto por última vez Precio válido a partir de Tipo de ítem Koha
    Library of Congress Classification     Colección general Biblioteca Universidad Monteávila Biblioteca Universidad Monteávila Colección general 17/03/2026 48710   2026-0409 17/03/2026 17/03/2026 Libros

Copyright @ UMA Library
Universidad Monteávila Caracas, Venezuela

Edif. Sede principal Universidad Monteávila. Av. El Buen Pastor. Boleíta Norte. Caracas. 
Customized by Universidad Monteávila

Con tecnología Koha